000
00264nam a2200085Ia 4500
245
0
_a
Taste freedom : food from the Freedom Café
100
_a
Roake, Neil Auckland Park, South Africa, 2010
_9
50611
942
_c
BK
008
210819s9999 xx 000 0 und d
999
_c
298421
_d
298419